Statystyki dla Miasta w Polsce z wersją Google Earth w 3D

Kliknij tutaj aby rozwiązać quiz!

Ogólne statystyki

  • Ten quiz został rozwiązany 36 razy
  • Średni wynik to 27 z 54

Statystyki odpowiedzi

WojewództwoOdpowiedź% Poprawnych
ŁódzkieŁódź
94%
PomorskieGdańsk
88%
PomorskieGdynia
88%
ŚląskieKatowice
88%
MazowieckieWarszawa
88%
MałopolskieKraków
84%
PomorskieSopot
84%
ZachodniopomorskieSzczecin
84%
DolnośląskieWrocław
84%
LubelskieLublin
81%
WielkopolskiePoznań
78%
PodkarpackieRzeszów
75%
ŚląskieCzęstochowa
72%
WielkopolskieKalisz
72%
Warmińsko-MazurskieOlsztyn
72%
ŚląskieGliwice
69%
LubuskieZielona Góra
69%
ŚląskieBytom
63%
ŚląskieSosnowiec
63%
ŚląskieChorzów
59%
ZachodniopomorskieKoszalin
59%
MazowieckiePruszków
59%
ŚląskieZabrze
59%
LubelskiePuławy (częściowo)
56%
ŚląskieTychy
56%
ŁódzkiePabianice
53%
ŚląskieDąbrowa Górnicza
50%
ŁódzkieZgierz
44%
ŁódzkieAleksandrów Łódzki
41%
ŚląskieJaworzno
41%
PomorskieMalbork
41%
ŚląskieRuda Śląska
38%
ŚląskieSiemianowice Śląskie
38%
ŚląskieMysłowice
34%
MałopolskieOświęcim
34%
MazowieckieZąbki
34%
ŚląskieBędzin
31%
ŚląskieŚwiętochłowice
31%
MazowieckiePiastów
28%
ŚląskiePiekary Śląskie
28%
MałopolskieWieliczka
28%
ŁódzkieKonstantynów Łódzki
25%
MazowieckieŁomianki
25%
MazowieckieMarki
25%
PomorskieRumia
25%
MazowieckieWołomin
25%
ŚląskieCzeladź
22%
LubelskieŚwidnik
22%
MazowieckieZielonka
22%
ŁódzkieRzgów
16%
MazowieckieKobyłka
13%
ŚląskieRadzionków
13%
DolnośląskieSiechnice
9%
ŚląskieWojkowice
9%

Rozkład punktacji

Percentyl według liczby udzielonych odpowiedzi

Procent ludzi z każdym wynikiem

Twoja historia wyników

Nie rozwiązałeś tego quizu